The Expanse - every character with a POV chapter - Statistics

General Stats
  • This quiz has been taken 141 times
    139 since last reset
  • The average score is 15 of 42
Answer Stats
Hint Answer % Correct
1, 2, 3, 4, 5, 6, 7, 8, 9 James Holden
100%
5, 6, 7, 8, 9 Naomi Nagata
83%
1 Josephus Miller
79%
2,4,6 Chrisjen Avasarala
78%
5, 6, 7, 8, 9 Amos Burton
74%
2,4,6,7,8 Roberta Draper
70%
5, 6, 7, 9 Alex Kamal
69%
3,6,7 Clarissa Melpomene Mao
64%
1 Julie Andromeda Mao
64%
7 Camina Drummer
55%
5,6 Filip Inaros
52%
1,6 Fred Johnson
50%
6 Marco Inaros
50%
7,9 Winston Duarte
49%
3 Carlos 'Bull' de Baca
46%
8,9 Terese Duarte
45%
3,6 Annushka Volovodov
43%
6 Michio Pa
43%
9 Kit Kamal
42%
4,8,9 Elvi Okoye
41%
2,6 Praxidike Meng
39%
2 Mei Meng
36%
6 Anderson Dawes
32%
4 Dimitri Havelock
31%
4 The Investigator
28%
7 Santiago Singh
25%
9 Aliana Tanaka
24%
7 Paolo Cortazar
17%
4 Basia Merton
10%
9 Cara Bisset
9%
9 Anton Trejo
7%
9 Fayez Sarkis
4%
3 Manéo Jung-Espinoza
4%
6 Jakulski
3%
9 Marrel Imvic
3%
6 Roberts
3%
6 Salis
3%
9 Jillian Houston
2%
6 Namono
2%
6 Sauveterre
2%
6 Vandercaust
2%
9 Ekko Levy
1%
No matching quizzes found
Score Distribution
Percent of People with Each Score
Percentile by Number Answered
Your Score History
You have not taken this quiz since the last reset